[Event "HUN-chT2 Szechenyi 1617"]
[Site "Hungary"]
[Date "2017.04.09"]
[Round "11.5"]
[White "Gaal, Zsoka"]
[Black "Nagy, Hunor"]
[Result "1/2-1/2"]
[WhiteElo "1749"]
[BlackElo "1968"]
[PlyCount "165"]
[EventDate "2016.09.25"]
[EventType "team-tourn"]
[EventRounds "11"]
[EventCountry "HUN"]
[SourceTitle "EXT 2021"]
[Source "ChessBase"]
[SourceDate "2020.10.23"]
[SourceVersion "1"]
[SourceVersionDate "2020.10.23"]
[SourceQuality "1"]
[WhiteTeam "Tapolca VSE II"]
[BlackTeam "Gyor Szechenyi"]
[WhiteTeamCountry "HUN"]
[BlackTeamCountry "HUN"]

1. d4 Nf6 2. Nf3 d6 3. g3 Nbd7 4. Bg2 g6 5. 0-0 Bg7 6. b3 0-0 7. Bb2 Nh5 8. c4 c6 9. Nc3 Qc7 10. Rc1 a5 11. Qd2 f5 12. e3 Bh6 13. d5 Nc5 14. Nd4 Bd7 15. Rfd1 Nf6 16. Qe1 Ng4 17. Ba3 Rf6 18. Bxc5 dxc5 19. Nf3 e5 20. dxe6 Rxe6 21. Rd3 Rae8 22. Qd1 Bc8 23. Rc2 Nf6 24. Nd2 f4 25. e4 fxg3 26. hxg3 R6e7 27. Nf1 Ng4 28. Qe2 Ne5 29. Rd1 g5 30. Ne3 g4 31. Ned5 cxd5 32. Nxd5 Qd6 33. Nxe7+ Qxe7 34. Rd5 b6 35. Qd1 Bf8 36. Rcd2 Bb7 37. Rd6 Qc7 38. Rd8 Rxd8 39. Rxd8 Kg7 40. Rd2 Be7 41. Qe2 Qc6 42. Qe3 Qe6 43. Rd1 h6 44. Qc3 Qf6 45. Qe3 Bc6 46. Kh2 Qf7 47. Qf4 Qe6 48. Qe3 Bg5 49. Qc3 Qf6 50. Qc2 Qg6 51. Qc3 Qh5+ 52. Kg1 Bf6 53. Qe3 Be7 54. Qc3 Kf7 55. Qe3 Ke6 56. Qf4 Qg6 57. Qf5+ Qxf5 58. exf5+ Kxf5 59. Bxc6 Nxc6 60. Rd7 Ke6 61. Rd5 Nb4 62. Rd2 Bf6 63. a3 Nc6 64. Re2+ Be5 65. Re3 Kf5 66. Kg2 Nd4 67. a4 Nf3 68. Kf1 h5 69. Kg2 h4 70. gxh4 Nxh4+ 71. Kf1 Kf4 72. Ke2 Nf5 73. Rd3 Bd4 74. Kf1 Nd6 75. Kg2 Nf7 76. Rd1 Ne5 77. Rd2 Ke4 78. Kg3 Kf5 79. Rd1 Nf7 80. f3 Be5+ 81. Kg2 g3 82. Rd7 Nd6 83. Rd8 1/2-1/2

[Event "Level op-A 4th"]
[Site "Level"]
[Date "2016.03.13"]
[Round "4"]
[White "Nagy, Hunor"]
[Black "Gombocz, Ferenc Jr"]
[Result "0-1"]
[WhiteElo "1999"]
[BlackElo "1796"]
[PlyCount "72"]
[EventDate "2016.03.11"]
[EventType "swiss"]
[EventRounds "7"]
[EventCountry "HUN"]
[SourceTitle "EXT 2017"]
[Source "ChessBase"]
[SourceDate "2016.10.25"]
[SourceVersion "1"]
[SourceVersionDate "2016.10.25"]
[SourceQuality "1"]

1. d4 d5 2. c4 c6 3. Nf3 Nf6 4. Nc3 a6 5. e3 Bf5 6. Bd2 e6 7. Nh4 Bg6 8. Nxg6 hxg6 9. g3 b5 10. b3 Nbd7 11. Rc1 Bd6 12. Bg2 Rc8 13. Qe2 Bb8 14. 0-0 Nh5 15. e4 dxe4 16. Nxe4 0-0 17. Rfd1 Re8 18. a4 bxa4 19. bxa4 Nhf6 20. Nc3 Qe7 21. d5 exd5 22. Qxe7 Rxe7 23. cxd5 c5 24. Bf1 c4 25. Be3 Ne5 26. d6 Rd7 27. Bh3 Nfg4 28. Bf4 f5 29. Nd5 Rcd8 30. Bxg4 Nxg4 31. Bg5 Re8 32. h3 Ne5 33. Ne7+ Kf7 34. Bf4 Nd3 35. Rc2 Nxf4 36. gxf4 Rexe7 0-1

[Event "Level op-A 4th"]
[Site "Level"]
[Date "2016.03.12"]
[Round "2"]
[White "Nagy, Hunor"]
[Black "Vertetics, Attila"]
[Result "1/2-1/2"]
[WhiteElo "1999"]
[BlackElo "2427"]
[PlyCount "88"]
[EventDate "2016.03.11"]
[EventType "swiss"]
[EventRounds "7"]
[EventCountry "HUN"]
[SourceTitle "EXT 2017"]
[Source "ChessBase"]
[SourceDate "2016.10.25"]
[SourceVersion "1"]
[SourceVersionDate "2016.10.25"]
[SourceQuality "1"]

1. d4 Nf6 2. Nf3 e6 3. g3 b5 4. Bg2 Bb7 5. 0-0 c5 6. c3 Na6 7. Re1 Be7 8. Nbd2 d5 9. Qb3 Qb6 10. a4 b4 11. a5 Qc7 12. Ne5 0-0 13. e3 Rfc8 14. f4 Rab8 15. Qd1 bxc3 16. bxc3 cxd4 17. cxd4 Qc3 18. Rb1 Qxa5 19. Nb3 Qd8 20. Bd2 Ne4 21. Bxe4 dxe4 22. Na5 Bd5 23. Qa4 Rxb1 24. Rxb1 Nb8 25. Nb7 Qc7 26. Ba5 Qc2 27. Qxc2 Rxc2 28. Nd8 Rc8 29. Ndxf7 Nc6 30. Nxc6 Bxc6 31. Ne5 Bd5 32. g4 g5 33. f5 Kg7 34. fxe6 Kf6 35. Bb4 Bxb4 36. Rxb4 Kxe6 37. Ra4 Rc1+ 38. Kf2 Rc2+ 39. Kg1 Ra2 40. Rxa2 Bxa2 41. Kf2 Kd6 42. Ke2 Be6 43. Kd2 Kc7 44. Kc3 a5 1/2-1/2

[Event "HUN-chT2 Szechenyi 1516"]
[Site "Hungary"]
[Date "2016.02.14"]
[Round "7.1"]
[White "Egresi, Mate"]
[Black "Nagy, Hunor"]
[Result "1-0"]
[WhiteElo "2178"]
[BlackElo "2018"]
[PlyCount "87"]
[EventDate "2015.09.13"]
[EventType "team-tourn"]
[EventRounds "11"]
[EventCountry "HUN"]
[SourceTitle "EXT 2017"]
[Source "ChessBase"]
[SourceDate "2016.10.25"]
[SourceVersion "1"]
[SourceVersionDate "2016.10.25"]
[SourceQuality "1"]
[WhiteTeam "Lovo"]
[BlackTeam "Szechenyi ESE"]
[WhiteTeamCountry "HUN"]
[BlackTeamCountry "HUN"]

1. d4 Nf6 2. c4 e5 3. dxe5 Ng4 4. Bf4 Bc5 5. e3 h5 6. Nf3 Nc6 7. Nc3 b6 8. Be2 Bb7 9. 0-0 Be7 10. Nd5 Rc8 11. a3 Rg8 12. Qc2 Rh8 13. b4 d6 14. Nxe7 Qxe7 15. exd6 cxd6 16. Rad1 Nce5 17. Nd4 g6 18. Nb5 Rd8 19. c5 bxc5 20. bxc5 d5 21. Nd6+ Kf8 22. Nxb7 Qxb7 23. h3 Qe7 24. Qc3 g5 25. Bxg4 gxf4 26. exf4 hxg4 27. Qxe5 Qxe5 28. fxe5 Rh5 29. hxg4 Rxe5 30. Rd4 Rc8 31. Rc1 Ke7 32. f4 Re4 33. Rxe4+ dxe4 34. c6 Kd6 35. c7 e3 36. Kf1 Kd5 37. Ke2 Kd4 38. g5 a6 39. f5 Ke5 40. g6 fxg6 41. fxg6 Kf6 42. Kxe3 Kxg6 43. Kd4 Kf6 44. Kd5 1-0

[Event "HUN-chT2 Breyer 1415"]
[Site "Hungary"]
[Date "2014.09.07"]
[Round "?"]
[White "Franchini, Gabriele"]
[Black "Nagy, Hunor"]
[Result "1-0"]
[WhiteElo "2150"]
[BlackElo "1986"]
[PlyCount "27"]
[EventDate "2014.09.07"]
[EventType "team-tourn"]
[EventRounds "11"]
[EventCountry "HUN"]
[SourceTitle "EXT 2016"]
[Source "ChessBase"]
[SourceDate "2015.10.08"]
[SourceVersion "1"]
[SourceVersionDate "2015.10.08"]
[SourceQuality "1"]
[WhiteTeam "MAFC"]
[BlackTeam "Szechenyi"]
[WhiteTeamCountry "HUN"]
[BlackTeamCountry "HUN"]

1. e4 e5 2. Nf3 Nc6 3. d4 exd4 4. Nxd4 Qh4 5. Nc3 Bb4 6. Be2 Qxe4 7. Ndb5 Kd8 8. 0-0 Qe8 9. Bf4 d6 10. Nd5 Ba5 11. Nbxc7 Qf8 12. Nxa8 Be6 13. b4 Bxd5 14. bxa5 1-0

[Event "Gyor op-A 5th"]
[Site "Gyor"]
[Date "2014.07.11"]
[Round "5"]
[White "Murko, David"]
[Black "Nagy, Hunor"]
[Result "1/2-1/2"]
[WhiteElo "1889"]
[BlackElo "1997"]
[PlyCount "149"]
[EventDate "2014.07.09"]
[EventType "swiss"]
[EventRounds "9"]
[EventCountry "HUN"]
[SourceTitle "EXT 2016"]
[Source "ChessBase"]
[SourceDate "2015.10.08"]
[SourceVersion "1"]
[SourceVersionDate "2015.10.08"]
[SourceQuality "1"]

1. e4 e5 2. Nf3 Nc6 3. Bb5 f5 4. Nc3 Nf6 5. d3 d6 6. 0-0 Be7 7. a4 f4 8. d4 Bg4 9. dxe5 Bxf3 10. Qxf3 dxe5 11. Rd1 Bd6 12. Bxf4 0-0 13. Bxc6 bxc6 14. Qh3 exf4 15. e5 Qe7 16. exf6 Rxf6 17. Re1 Qf7 18. Qf3 Bb4 19. Ne4 Rg6 20. c3 Bf8 21. Rad1 Re8 22. Rd2 Kh8 23. h3 Qf5 24. Rde2 Rd8 25. Ng3 Qf7 26. Nh5 Bd6 27. Re4 Rf8 28. Rxf4 Bxf4 29. Qxf4 Qxf4 30. Nxf4 Rgf6 31. Nd3 Rd6 32. Re3 g6 33. b4 Kg8 34. Nc5 Rd1+ 35. Kh2 Rxf2 36. Ne6 Rdd2 37. Rg3 Rf7 38. Nd4 Ra2 39. a5 c5 40. Nc6 Rf4 41. Rg5 cxb4 42. cxb4 Rc4 43. Nxa7 Rxb4 44. Nc6 Rbb2 45. h4 Ra4 46. Kh3 Rc2 47. Nd8 Ra3+ 48. Kh2 Rc4 49. g3 Rc2+ 50. Kh3 c5 51. Nb7 Raa2 52. Rxc5 Rxc5 53. Nxc5 Rxa5 54. Nd3 Kg7 55. Nf4 Kf6 56. Kg4 Ra4 57. Kf3 Kf5 58. g4+ Ke5 59. Nd3+ Kd4 60. Ne1 Ra8 61. Kf4 h6 62. Nf3+ Kd5 63. Ke3 Ra4 64. Nh2 Ra2 65. Nf3 Rg2 66. Kf4 h5 67. gxh5 gxh5 68. Kf5 Rg4 69. Ne1 Rxh4 70. Kg5 Rh1 71. Nf3 Ke4 72. Nh4 Ke3 73. Nf5+ Kf2 74. Nh4 Rh3 75. Nf5 1/2-1/2

[Event "Level op 2nd"]
[Site "Level"]
[Date "2014.03.29"]
[Round "3"]
[White "Nagy, Hunor"]
[Black "Orosz, Andras"]
[Result "0-1"]
[WhiteElo "2001"]
[BlackElo "2189"]
[PlyCount "84"]
[EventDate "2014.03.28"]
[EventType "swiss"]
[EventRounds "7"]
[EventCountry "HUN"]
[SourceTitle "EXT 2020"]
[Source "ChessBase"]
[SourceDate "2019.10.17"]
[SourceVersion "1"]
[SourceVersionDate "2019.10.17"]
[SourceQuality "1"]

1. Nf3 Nf6 2. g3 d5 3. d4 e6 4. Bg2 Be7 5. 0-0 0-0 6. c3 c5 7. a4 cxd4 8. cxd4 Nc6 9. Nc3 b6 10. Re1 Ba6 11. Bd2 Ne4 12. Nxe4 dxe4 13. Ne5 Nxe5 14. dxe5 Bb7 15. Bc3 Qxd1 16. Rexd1 Rfd8 17. Kf1 g5 18. Ke1 Kg7 19. a5 Bd5 20. Rdc1 h5 21. h3 Kg6 22. Ra4 Kf5 23. g4+ hxg4 24. hxg4+ Kxg4 25. Bxe4 Bxe4 26. Rxe4+ Kf5 27. Rc4 Rd7 28. f3 Rh8 29. e4+ Kg6 30. Kf2 b5 31. Rc6 Bf8 32. Rg1 b4 33. Be1 Rh2+ 34. Rg2 Rxg2+ 35. Kxg2 Rd1 36. Kf2 Rb1 37. Rc2 b3 38. Re2 Bc5+ 39. Kg3 Bd4 40. Bc3 Bxc3 41. bxc3 b2 42. Kf2 Rf1+ 0-1